00721nam a2200217 a 450000100100000000500170001000800410002702000150006804000250008308200130010810000380012124500440015926000390020330000280024249000240027050000350029483000310032904900090036095201170036999900170048600002444020200930023157.0110127s2000 sp a r 001 0 spa d a8441510547 aDO-SdBNPbspacBNPHU ann*bnn*1 aPescador Albiach, Darío.95010710aDirector 8 /cDarío Pescador Albiach. aMadrid :bAnaya Multimedia,c2000. a288 p. :bil. ;c20 cm.1 aGuías prácticas aIncluye índice alfabético. 0aGuías prácticas950108 aBNGR 001054708MOaGRbGRcCTd2011-01-27iLF1l0onn* nn*p24440-10r2020-06-25w2020-06-25y4ZPréstamo en sala c23933d23933